| 000 | 00414nam a2200169Ia 4500 | ||
|---|---|---|---|
| 005 | 20240823042510.0 | ||
| 008 | 240823s9999||||xx |||||||||||||| ||und|| | ||
| 041 | _aENGLISH | ||
| 082 | _A621.382 P3 | ||
| 100 | _aElayaraja K | ||
| 245 | 0 | _aTelecommunication Systems | |
| 250 | _a1st | ||
| 260 |
_c2004 _bCharulatha Publica |
||
| 500 | _aTRANSFERED | ||
| 650 |
_aTelecommunication _bElectronics |
||
| 942 | _cBK | ||
| 999 |
_c208008 _d208008 |
||